Statistics for Things That are Black #1

Click here to take the quiz!

General Stats

  • This quiz has been taken 166,629 times
    (25,584 since last reset)
  • The average score is 15 of 20

Answer Stats

Clue Answer % Correct
Popular casino gameBlackjack
97%
What you'd find at the center
of the galaxy
Black Hole
97%
Deadly spiderBlack Widow
95%
Killed about a third of Europe's
population in the 1300s
Black Death
94%
It's bad luck if one crosses your pathBlack Cat
93%
Power outageBlackout
92%
One who forges iron and steelBlacksmith
91%
Flight recorderBlack Box
87%
Movie starring Will Smith and
Tommy Lee Jones
Men in Black
82%
English pirate born Edward TeachBlackbeard
79%
ExtortionBlackmail
78%
Hip hop group led by will.i.amBlack Eyed Peas
78%
Semiformal dress codeBlack Tie
77%
Ozzy Osbourne's bandBlack Sabbath
76%
Term for a leopard or jaguar
with black fur
Black Panther
72%
Canadian smartphone companyBlackBerry
68%
New Zealand's rugby union teamAll Blacks
56%
Another name for blood sausageBlack Pudding
55%
Region of South DakotaBlack Hills
43%
Welsh pirate born John RobertsBlack Bart
11%

Score Distribution

Percentile by Number Answered

Percent of People with Each Score

Your Score History

You have not taken this quiz since the last reset